[Event "IV Torneo de Semana Santa"]
[Site "Los Llanos de Aridane"]
[Date "2019.04.15"]
[Round "4.6"]
[White "Otero Campos, Cintia"]
[Black "Hidalgo Santana, Fernando"]
[Result "0-1"]
[WhiteElo "1451"]
[BlackElo "2116"]
[Annotator "TA"]
[PlyCount "88"]
[EventDate "2019.04.13"]
[EventType "swiss"]
[EventCountry "ESP"]
[SourceTitle "playchess.com"]
[Source "ChessBase"]
[SourceQuality "1"]

{[%evp 9,88,45,45,14,29,-7,47,46,41,30,35,-15,30,-29,6,-54,-16,-80,-36,-160,19,20,103,121,175,180,226,205,191,132,135,139,184,158,174,102,129,91,107,50,64,40,85,0,39,-89,-87,-72,-66,-67,0,-121,-120,-107,-113,-179,-172,-136,-112,-124,-131,-425,-297,-571,-568,-1173,-122,-122,-120,-135,-120,-115,-116,-158,-152,-829,-829,-829,-828,-741,-733]} 1. d4 f5 2. Nf3 d6 3. Bf4 Nf6 4. e3 g6 5. c4 Bg7 6. Be2 {A80: Dutch Defence: Unusual White second moves} (6. Nc3 O-O 7. h3 h6 8. Be2 Qe8 9. d5 Na6 10. Bh2 Bd7 11. O-O c6 12. dxc6 bxc6 13. Qc2 Nc5 14. Rfd1 g5 15. Rab1 {1-0 (42) Karjakin,S (2783)-Nepomniachtchi,I (2751) chess.com INT 2017}) 6... O-O 7. O-O Qe8 (7... Ne4 $11) 8. Nc3 $14 {White is slightly better.} c6 9. Rc1 Nh5 $146 ({Predecessor:} 9... Na6 10. a3 Nh5 11. Re1 e5 12. Bg5 h6 13. Bh4 Nf6 14. Bxf6 Bxf6 15. b4 {1-0 (56) Splettsen,C-Kirchner,S (1580) Heusenstamm 2018}) 10. Bg3 e5 11. dxe5 (11. Bh4 $142) 11... dxe5 12. Re1 ({Better is} 12. Bh4 $11) 12... Nd7 13. Qc2 (13. Bh4 $11 {keeps the balance.}) 13... h6 14. h3 (14. b4 $15) 14... g5 $2 (14... Nxg3 $17 15. fxg3 e4) 15. Bh2 $1 $11 Nhf6 (15... e4 $1 $11 16. Nd4 Be5) 16. Qxf5 $16 e4 (16... Nd5 $16 {keeps fighting.} 17. Qb1 Nxc3 18. Rxc3 Nc5) 17. Nd4 $18 Nb6 18. Qc5 Qg6 19. Qd6 (19. Qa5 $18) 19... Re8 $16 20. Qb4 Bf8 21. c5 Kh8 22. Na4 (22. Qa5 $18 Nbd5 23. Bc4) 22... Nbd7 23. Qc4 Ne5 {[%cal Bd7e5,Be5g4,Bg4e3][%mdl 32] [#]} 24. Qc2 (24. Qb3 $1 $16) 24... g4 $14 25. hxg4 Nexg4 26. Bf4 Nd5 27. Bg3 (27. Bxg4 $1 $14 Bxg4 28. Bg3) 27... Ngxe3 $1 $40 {[%mdl 128] Black attacks with force.} 28. Qd2 Bg7 29. Nc3 Nxc3 (29... Bd7 $15) 30. Qxe3 {[#]} (30. bxc3 $11 Nd5 31. Bc4) 30... Nd5 $1 {[%cal Rd5e3]} 31. Qd2 e3 32. Qd1 (32. Qc2 $17 Qxc2 33. Nxc2) 32... exf2+ $19 33. Bxf2 Bh3 {[%csl Gh3][%cal Rg6g2]} 34. Bf3 Nf4 35. Kh2 $2 {[%mdl 8192]} (35. Qc2 $17 Qg5 36. g3) 35... Rxe1 36. Qxe1 $2 (36. Bxe1 {only move.} Bxg2 37. Bg3 Bxf3 38. Qxf3) 36... Bxg2 37. Qg1 Bxf3 $2 (37... Be5 $19 {( -> ...Nh5+)} 38. Nxc6 Qf5 39. Qxg2 Nxg2+ {[%mdl 64] Pin} 40. Nxe5 Qxe5+ {[%mdl 64] Double Attack} 41. Kh1 Rf8 42. Kxg2 Qg5+ 43. Bg3 Rg8) 38. Qxg6 $17 Nxg6 39. Nxf3 Rf8 ({Much worse is} 39... Bxb2 $6 40. Rb1 $11) 40. Kg3 Nf4 41. Rc2 Nd3 42. Bd4 $2 {[#]} (42. Rd2 $17 Rd8 43. b3) 42... Rxf3+ $1 $19 {[%mdl 576] Remove Defender, Decoy. Black is clearly winning.} 43. Kxf3 Ne1+ {[%mdl 64] Double Attack} ({Inferior is} 43... Bxd4 44. Rd2 $16) 44. Ke4 Nxc2 {Accuracy: White = 16%, Black = 46%.} 0-1

[Event "IV Torneo de Semana Santa"]
[Site "Los Llanos de Aridane"]
[Date "2019.04.15"]
[Round "4.7"]
[White "Fernandez Gonzalez, Sergio"]
[Black "Alonso Perez, Alfredo"]
[Result "1-0"]
[WhiteElo "2089"]
[BlackElo "1735"]
[Annotator "NA RC"]
[PlyCount "67"]
[EventDate "2019.04.13"]
[EventType "swiss"]
[EventCountry "ESP"]
[SourceTitle "playchess.com"]
[Source "ChessBase"]
[SourceQuality "1"]
[TimeControl "5400+30"]

1. c4 {[%emt 0:00:00]} Nf6 {[%emt 0:00:00]} 2. g3 {[%emt 0:00:02]} c6 {[%emt 0:01:23]} 3. Bg2 {[%emt 0:00:09]} g6 {[%emt 0:02:28]} 4. e4 {[%emt 0:01:54]} e5 {[%emt 0:02:33]} 5. d4 {[%emt 0:04:53]} d6 {[%emt 0:04:48]} 6. dxe5 {[%emt 0:01:25]} dxe5 {[%emt 0:00:09]} 7. Qxd8+ {[%emt 0:00:20]} Kxd8 {[%emt 0:00:05]} 8. Bg5 {[%emt 0:00:23]} Bg7 {[%emt 0:04:39]} 9. Nc3 {[%emt 0:01:14]} h6 {[%emt 0:02:58]} 10. O-O-O+ {[%emt 0:00:31]} Kc7 {[%emt 0:02:50]} 11. Be3 {[%emt 0:01:23]} Be6 {[%emt 0:04:52]} 12. b3 {[%emt 0:01:31]} Na6 {[%emt 0:03:30]} 13. h3 {[%emt 0:02:05]} Rad8 {[%emt 0:06:38]} 14. Nge2 {[%emt 0:06:20]} Nd7 {[%emt 0:09:27]} 15. f4 {[%emt 0:01:57]} f6 {[%emt 0:00:18]} 16. g4 {[%emt 0:02:08]} b6 {[%emt 0:07:51]} 17. f5 {[%emt 0:04:23]} gxf5 {[%emt 0:03:58]} 18. exf5 {[%emt 0:04:07]} Bf7 {[%emt 0:00:17]} 19. Ne4 {[%emt 0:00:50]} Bf8 {[%emt 0:08:37]} 20. N2g3 {[%emt 0:00:58]} Be7 {[%emt 0:05:05]} 21. h4 {[%emt 0:02:50]} Rdg8 {[%emt 0:04:01]} 22. Bf3 {[%emt 0:00:36]} Nab8 {[%emt 0:06:46]} 23. Rh2 {[%emt 0:00:38]} c5 {[%emt 0:12:18]} 24. Rhd2 {[%emt 0:00:57]} Be8 {[%emt 0:00:13]} 25. Nd6 {[%emt 0:00:33]} Bxd6 {[%emt 0:02:41]} 26. Rxd6 {[%emt 0:00:08]} Na6 {[%emt 0:02:34]} 27. Ne4 {[%emt 0:00:38]} Rf8 {[%emt 0:01:04]} 28. Nc3 {[%emt 0:00:56]} Rh7 {[%emt 0:01:09]} 29. Nb5+ {[%emt 0:01:37]} Kb8 {[%emt 0:00:03]} 30. Bc6 {[%emt 0:00:21]} Rff7 {[%emt 0:00:28]} 31. Re6 {[%emt 0:00:03]} Nc7 {[%emt 0:01:01]} 32. Nd6 {[%emt 0:03:21]} Nxe6 {[%emt 0:00:38]} 33. fxe6 {[%emt 0:00:05]} Re7 {[%emt 0:00:26]} 34. Nxe8 {[%emt 0:00:32]} 1-0

[Event "IV Torneo de Semana Santa"]
[Site "Los Llanos de Aridane"]
[Date "2019.04.15"]
[Round "4.8"]
[White "Andres Gonzalez, Ivan"]
[Black "Rodriguez Miranda, Sergio"]
[Result "1-0"]
[WhiteElo "2323"]
[BlackElo "1859"]
[Annotator "TA"]
[PlyCount "47"]
[EventDate "2019.04.13"]
[EventType "swiss"]
[EventCountry "ESP"]
[SourceTitle "playchess.com"]
[Source "ChessBase"]
[SourceQuality "1"]

{[%evp 9,47,-26,-8,0,74,31,27,-8,-4,-11,-1,-8,-13,-14,-8,-13,0,0,45,29,26,17,19,-6,183,189,449,444,481,331,3383,3092,29989,29990,29993,1150,29992,29993,29998,29999]} 1. e4 e6 2. d4 d5 3. Nc3 Bb4 4. e5 c5 5. dxc5 Bxc3+ (5... Ne7 6. Nf3 Nd7 7. Bd3 Nxc5 8. O-O Nxd3 9. cxd3 Bd7 10. Ne2 Nc6 11. d4 Be7 12. Nf4 h5 13. Nh3 Qb6 14. Bg5 f6 {½-½ (46) Dominguez Perez,L (2739)-Ivanchuk,V (2747) Doha 2016}) 6. bxc3 {C17: French: 3 Nc3 Bb4 4 e5 c5 sidelines} Nc6 (6... Ne7 $11) 7. Nf3 (7. Qg4 $5 {[%cal Rg4g7]} Kf8 8. Nf3 $14) 7... Qa5 8. Bd3 {White has an edge.} (8. Bb2 {keeps more tension.} Nge7 9. Bd3 Qxc5 10. O-O Na5 11. Qe2) 8... Nxe5 $146 ({Predecessor:} 8... Qxc3+ 9. Bd2 Qxc5 10. Rb1 Nge7 11. O-O Ng6 12. Re1 O-O 13. h4 f5 14. exf6 Rxf6 {1-0 (32) Kiolbasa,O (2223)-Sviridova,V (2087) Chakvi 2015}) 9. O-O Nxd3 10. cxd3 Ne7 11. Qb3 O-O 12. d4 Nc6 13. Bf4 Qa6 14. Bd6 $36 {[%mdl 2048] White has good play.} Re8 15. Rfe1 Bd7 16. Qc2 Na5 $2 (16... f6 $11 {and Black stays safe.}) 17. Ne5 $18 Bc6 $2 {[#]} (17... Red8 {is a better defense.} 18. Bc7 Nc4) 18. Re3 $1 f5 19. Rg3 Nc4 $2 (19... b6 20. Qd2 Qb7) 20. Qc1 {White wants to mate with Rxg7+!} Nxe5 21. Bxe5 g6 {[#]} 22. Qg5 (22. Rxg6+ $142 $1 {[%mdl 512]} hxg6 23. Qg5 Red8 24. Qxg6+ Kf8 25. Qg7+ Ke8 26. Bf6 Qf1+ 27. Rxf1 f4 28. Qe7#) 22... Rf8 23. Qh6 {[%csl Ge5][%cal Rh6g7]} Rf7 {[#]} 24. Rxg6+ $1 {[%mdl 576] Back Rank. Accuracy: White = 57%, Black = 20%.} 1-0

[Event "IV Torneo de Semana Santa"]
[Site "Los Llanos de Aridane"]
[Date "2019.04.15"]
[Round "4.9"]
[White "Natalicchio Escalante, Nicolas"]
[Black "Rodriguez Molina, Mario Andres"]
[Result "1/2-1/2"]
[WhiteElo "2189"]
[BlackElo "1642"]
[Annotator "TA"]
[PlyCount "96"]
[EventDate "2019.04.13"]
[EventType "swiss"]
[EventCountry "ESP"]
[SourceTitle "playchess.com"]
[Source "ChessBase"]
[SourceQuality "1"]

{[%evp 19,96,11,36,28,34,26,34,26,39,2,45,47,58,11,22,9,29,-3,-5,0,35,19,12,-4,-10,-121,-121,-141,0,0,-7,7,0,0,17,-23,-16,-14,2,0,0,0,15,-100,0,-129,0,0,85,17,45,8,8,-20,37,36,51,50,61,87,160,180,402,245,394,402,385,377,413,406,824,0,0,0,0,0,0,0,0]} 1. Nf3 Nf6 2. c4 g6 3. Nc3 Bg7 4. e4 d6 5. d4 Nbd7 6. Be2 O-O 7. O-O e5 8. d5 Nc5 9. Qc2 a5 10. Be3 Nfd7 11. Nd2 {E94: King's Indian: Classical: 6 Be2 e5 7 0-0: Various Black 7th moves} f5 12. f3 f4 13. Bf2 {White is slightly better.} g5 14. b3 h5 15. a3 Na6 {[#]} 16. Nb5 $146 ({Predecessor:} 16. Rfb1 Rf6 17. Qd1 Rg6 18. b4 Bf8 {1-0 (47) Savchenko,B (2584)-Nyzhnyk,I (2637) Moscow 2013}) 16... Nf6 17. Rab1 g4 18. b4 axb4 19. axb4 Ne8 20. c5 Qg5 21. Rfc1 g3 22. hxg3 (22. Be1 $1 $11) 22... fxg3 $17 23. Be1 Bh6 (23... Qe3+ $1 $17 24. Kf1 Qg5) 24. Nf1 $11 h4 25. cxd6 cxd6 26. Bd2 Qg6 27. Bxh6 Qxh6 28. Qd2 Rf4 29. Nc3 h3 30. Bxa6 hxg2 {( -> ...Qh1#)} 31. Qxg2 (31. Nxg3 $11 {was the only way to keep the balance.} bxa6 32. Nce2 (32. Qxg2 Ng7 $14)) 31... bxa6 (31... Bh3 $1 $17 {[%cal Rh3g2]} 32. Qxg3+ Kh8) 32. Nxg3 (32. Ne2 $11 {remains equal.} Rf7 33. Nexg3) 32... Kf8 ({Better is} 32... Ng7 $1 $17 33. Nce2 Bh3) 33. Nce2 Rf7 (33... Bh3 $11 34. Qf2 Rf7) 34. Rc3 (34. Kf2 $1 $16) 34... Bd7 35. Rb2 Rg7 36. f4 exf4 {[#]} (36... Nf6 $11) 37. Nxf4 $1 $14 {[%mdl 512] Strongly threatening Rf2.} Ke7 ({Don't go for} 37... Qxf4 $2 38. Rf3 $18) 38. Ne6 $36 {[%mdl 2048] White has good play.} Bxe6 39. dxe6 Kxe6 {[#]} (39... Qf6 $142 40. Rd3 Ra7) 40. e5 $1 $16 {[%mdl 512]} Rd8 $2 (40... Qf4) (40... dxe5 41. Qxa8) 41. exd6 Rxd6 (41... Nxd6 {was called for.} 42. Qf3 Rxg3+ {[%mdl 64] Decoy} 43. Qxg3 Ne4 44. Qg4+ Ke5) 42. Re2+ $18 Kf7 {[#]} 43. Qb7+ $1 ({Weaker is} 43. Rf3+ Nf6 $11) 43... Kf8 44. Rf3+ Rf6 {[#]} (44... Kg8 $142 45. Rxe8+ Kh7 46. Qe4+ Qg6) 45. Rxf6+ $2 (45. Qc8 $1 $18 {[%csl Ge2][%cal Rc8e8][%mdl 512]} Rxg3+ {[%mdl 64] Remove Defender} 46. Rxg3) 45... Qxf6 $11 {The position is equal.} 46. Qb8 {[%csl Ge2][%cal Rb8e8]} Qg6 47. Kg2 Qc6+ 48. Kg1 Qg6 {Accuracy: White = 44%, Black = 37%.} 1/2-1/2

[Event "IV Torneo de Semana Santa"]
[Site "Los Llanos de Aridane"]
[Date "2019.04.16"]
[Round "5.1"]
[White "Rodriguez Ferraz, Borja"]
[Black "Hernandez Leon, Alberto"]
[Result "1/2-1/2"]
[WhiteElo "2212"]
[BlackElo "2280"]
[Annotator "NA"]
[PlyCount "55"]
[EventDate "2019.04.13"]
[EventType "swiss"]
[EventCountry "ESP"]
[SourceTitle "playchess.com"]
[Source "ChessBase"]
[SourceQuality "1"]
[TimeControl "5400+30"]

1. c4 {[%emt 0:00:00]} g6 {[%emt 0:00:40]} 2. Nf3 {[%emt 0:00:00]} Bg7 {[%emt 0:00:14]} 3. g3 {[%emt 0:00:41]} Nf6 {[%emt 0:00:12]} 4. Bg2 {[%emt 0:00:04]} c5 {[%emt 0:00:22]} 5. O-O {[%emt 0:00:25]} O-O {[%emt 0:00:07]} 6. Nc3 {[%emt 0:04:49]} Nc6 {[%emt 0:00:16]} 7. d3 {[%emt 0:03:20]} d6 {[%emt 0:03:55]} 8. a3 {[%emt 0:00:36]} a6 {[%emt 0:06:11]} 9. Rb1 {[%emt 0:01:02]} Rb8 {[%emt 0:07:48]} 10. b4 {[%emt 0:09:09]} Nd7 {[%emt 0:04:07]} 11. b5 {[%emt 0:04:45]} Nd4 {[%emt 0:07:59]} 12. Nxd4 {[%emt 0:01:35]} cxd4 {[%emt 0:00:37]} 13. Na4 {[%emt 0:06:27]} axb5 {[%emt 0:06:01]} 14. Rxb5 {[%emt 0:01:18]} b6 {[%emt 0:01:15]} 15. Bg5 {[%emt 0:03:55]} Ba6 {[%emt 0:06:41]} 16. Rb4 {[%emt 0:01:09]} b5 {[%emt 0:01:36]} 17. cxb5 {[%emt 0:00:53]} Rxb5 {[%emt 0:00:32]} 18. Rxb5 {[%emt 0:00:36]} Bxb5 {[%emt 0:00:05]} 19. Nb2 {[%emt 0:00:11]} Nc5 {[%emt 0:02:58]} 20. a4 {[%emt 0:00:59]} Ba6 {[%emt 0:00:17]} 21. Qc2 {[%emt 0:00:54]} Qd7 {[%emt 0:00:38]} 22. Ra1 {[%emt 0:05:39]} Rc8 {[%emt 0:03:57]} 23. Qd1 {[%emt 0:03:37]} d5 {[%emt 0:04:45]} 24. a5 {[%emt 0:00:53]} Bb5 {[%emt 0:00:15]} 25. Bd2 {[%emt 0:01:19]} e5 {[%emt 0:00:58]} 26. Bb4 {[%emt 0:01:29]} Na6 {[%emt 0:07:47]} 27. Bd2 {[%emt 0:01:03]} Nc5 {[%emt 0:07:38]} 28. Bb4 {[%emt 0:00:04]} 1/2-1/2

[Event "IV Torneo de Semana Santa"]
[Site "Los Llanos de Aridane"]
[Date "2019.04.16"]
[Round "5.2"]
[White "Brito Garcia, Alfredo"]
[Black "Fernandez Gonzalez, Sergio"]
[Result "1/2-1/2"]
[WhiteElo "2311"]
[BlackElo "2089"]
[Annotator "TA"]
[PlyCount "113"]
[EventDate "2019.04.13"]
[EventType "swiss"]
[EventCountry "ESP"]
[SourceTitle "playchess.com"]
[Source "ChessBase"]
[SourceQuality "1"]

{[%evp 23,113,0,0,0,8,7,5,4,4,8,32,12,9,6,12,9,9,10,12,0,58,0,151,0,0,-6,4,11,3,6,11,9,13,12,14,-16,-16,-18,0,0,0,0,0,0,0,0,5,0,8,0,0,0,0,0,0,0,0,0,1,1,1,1,1,1,1,1,1,1,1,1,1,0,0,0,0,0,0,0,0,0,0,0,0,0,0,0,0,0,0,0,0,0]} 1. Nf3 Nf6 2. d4 b6 3. g3 Bb7 4. c4 e6 5. Bg2 Be7 6. O-O O-O 7. d5 exd5 8. Nh4 c6 9. cxd5 Nxd5 10. Nf5 Nc7 11. e4 d5 12. Nc3 Bf6 13. exd5 {E17: Queen's Indian: 4 g3 Bb7 5 Bg2 Be7} Nxd5 14. Nxd5 cxd5 15. Ne3 {[%cal Re3d5]} (15. Re1 Na6 16. Bf4 Bxb2 17. Rb1 Bf6 18. Nd6 Bc6 19. Bxd5 Bxd5 20. Qxd5 Qd7 21. Rbd1 Rad8 22. h4 Nc5 23. Bg5 Bxg5 24. hxg5 Qa4 25. Re7 Rd7 26. Rde1 Nb7 27. Qxf7+ {1-0 (27) Adhiban,B (2655)-Kovalenko,I (2635) chess.com INT 2018}) 15... Nc6 16. Nxd5 Re8 17. Re1 $146 ({Predecessor:} 17. Rb1 Be5 18. Be3 Qc8 19. Re1 Ne7 20. Rc1 Qb8 21. Nxe7+ Rxe7 {½-½ (28) Dzenis,J (2466)-Nopin,V (2380) ICCF email 2008}) 17... Rxe1+ 18. Qxe1 Bd4 19. Bf4 Bxb2 20. Rd1 {[#] Nc7 is the strong threat.} Qf8 21. Qe2 Ba3 (21... Bd4 $11) 22. Qh5 (22. Qg4 $14) 22... Bb2 $2 ({Black should play} 22... Re8 $11) 23. Qe2 $2 (23. Ne3 $16) 23... Bd4 $11 {The position is equal.} 24. Qc4 {Black must now prevent Nc7.} Qc5 25. Rxd4 Nxd4 26. Qxc5 bxc5 27. Ne7+ {[%mdl 64] [#] Discovered Attack} Kf8 28. Bxb7 Re8 29. Bd6 {Strongly threatening Nd5+.} (29. Nd5 {seems wilder.} Ne2+ 30. Kf1 Nxf4 31. Nxf4 Rd8 32. h4) 29... Rxe7 30. Bxc5 {[%mdl 64] Double Attack} Ne6 31. Bxe7+ (31. Ba3 {looks sharper.} Ke8 32. Bc6+ Rd7 33. g4 Kd8 34. Bxd7 Kxd7 35. f3) 31... Kxe7 {[%mdl 4096] Endgame KB-KN} 32. Kf1 Kd6 33. Ke2 Ke5 34. Ke3 g6 35. Ba6 Kd5 36. h4 h6 37. Bb5 g5 38. Be8 Nd8 39. hxg5 hxg5 40. Ba4 Ke5 41. f4+ gxf4+ 42. gxf4+ Kf5 43. Bc2+ Ke6 44. Ke4 f6 45. Bb3+ Kd6 46. Bd5 Ne6 {And now ...f5+! would win.} 47. f5 (47. Bc4 {feels hotter.} Ng7 48. Bd3 f5+ 49. Kd4 Ke6 50. Ke3) 47... Nc5+ 48. Kd4 Nd7 49. Be6 {aiming for Bxd7.} Nc5 50. Bc8 Na4 51. Ba6 Nb6 52. Bd3 Nd5 53. a4 Nb6 54. a5 Nd7 55. a6 Ne5 56. Be4 Nd7 57. Bd3 {Accuracy: White = 58%, Black = 79%.} 1/2-1/2

[Event "IV Torneo de Semana Santa"]
[Site "Los Llanos de Aridane"]
[Date "2019.04.16"]
[Round "5.3"]
[White "Alonso Alvarez, Aitor"]
[Black "Hernandez Leon, Sergio"]
[Result "1-0"]
[WhiteElo "2284"]
[BlackElo "2157"]
[Annotator "NA"]
[PlyCount "95"]
[EventDate "2019.04.13"]
[EventType "swiss"]
[EventCountry "ESP"]
[SourceTitle "playchess.com"]
[Source "ChessBase"]
[SourceQuality "1"]
[TimeControl "5400+30"]

1. d4 {[%emt 0:00:00]} f5 {[%emt 0:00:00]} 2. Nc3 {[%emt 0:00:05]} Nf6 {[%emt 0:00:00]} 3. Bg5 {[%emt 0:00:22]} d5 {[%emt 0:00:33]} 4. Bxf6 {[%emt 0:00:41]} exf6 {[%emt 0:00:02]} 5. e3 {[%emt 0:00:10]} Be6 {[%emt 0:00:15]} 6. Bd3 {[%emt 0:00:28]} Nc6 {[%emt 0:00:56]} 7. Qf3 {[%emt 0:00:23]} Qd7 {[%emt 0:00:14]} 8. Nge2 {[%emt 0:01:09]} Nb4 {[%emt 0:06:55]} 9. Nf4 {[%emt 0:02:39]} Nxd3+ {[%emt 0:05:49]} 10. cxd3 {[%emt 0:05:02]} O-O-O {[%emt 0:03:53]} 11. Nxe6 {[%emt 0:00:20]} Qxe6 {[%emt 0:00:15]} 12. O-O-O {[%emt 0:01:20]} g6 {[%emt 0:02:57]} 13. Kb1 {[%emt 0:00:15]} Bb4 {[%emt 0:10:34]} 14. Ne2 {[%emt 0:04:37]} Bd6 {[%emt 0:03:02]} 15. h4 {[%emt 0:02:51]} Rhg8 {[%emt 0:07:00]} 16. Nf4 {[%emt 0:14:50]} Bxf4 {[%emt 0:02:28]} 17. Qxf4 {[%emt 0:00:02]} g5 {[%emt 0:05:59]} 18. hxg5 {[%emt 0:08:18]} fxg5 {[%emt 0:01:00]} 19. Qe5 {[%emt 0:00:07]} Qf7 {[%emt 0:00:38]} 20. Rh6 {[%emt 0:01:09]} Rdf8 {[%emt 0:07:05]} 21. Re6 {[%emt 0:13:15]} Rg7 {[%emt 0:09:34]} 22. Qxd5 {[%emt 0:01:33]} Rg6 {[%emt 0:00:11]} 23. Re5 {[%emt 0:00:40]} Qxd5 {[%emt 0:00:06]} 24. Rxd5 {[%emt 0:00:02]} f4 {[%emt 0:00:17]} 25. e4 {[%emt 0:03:12]} h5 {[%emt 0:05:47]} 26. Rh1 {[%emt 0:00:30]} h4 {[%emt 0:00:20]} 27. f3 {[%emt 0:00:17]} c6 {[%emt 0:02:55]} 28. Rc5 {[%emt 0:00:02]} b6 {[%emt 0:15:23]} 29. Rc2 {[%emt 0:15:16]} Kb7 {[%emt 0:00:00]} 30. Rhc1 {[%emt 0:04:54]} Rf7 {[%emt 0:00:00]} 31. b4 {[%emt 0:02:17]} a6 {[%emt 0:00:00]} 32. a4 {[%emt 0:00:09]} Rd7 {[%emt 0:00:00]} 33. b5 {[%emt 0:01:04]} Rxd4 {[%emt 0:00:00]} 34. Rxc6 {[%emt 0:14:44]} Rxc6 {[%emt 0:00:00]} 35. Rxc6 {[%emt 0:04:01]} Rxd3 {[%emt 0:00:00]} 36. Rg6 axb5 {[%emt 0:10:54]} 37. axb5 {[%emt 0:00:36]} Rb3+ {[%emt 0:00:30]} 38. Kc2 {[%emt 0:00:30]} Rxb5 {[%emt 0:00:14]} 39. Kc3 {[%emt 0:00:09]} Kc7 {[%emt 0:00:13]} 40. Kd4 {[%emt 0:00:27]} Kd7 {[%emt 0:03:25]} 41. e5 {[%emt 0:00:00]} Rb4+ {[%emt 0:00:34]} 42. Kd5 {[%emt 0:00:04]} Ke7 {[%emt 0:00:30]} 43. Rg7+ {[%emt 0:00:43]} Kf8 {[%emt 0:00:17]} 44. Rxg5 {[%emt 0:00:02]} Kf7 {[%emt 0:00:15]} 45. Rh5 {[%emt 0:00:37]} Rb2 {[%emt 0:00:57]} 46. Rxh4 {[%emt 0:01:32]} Rxg2 {[%emt 0:00:25]} 47. Rxf4+ {[%emt 0:00:01]} Ke7 {[%emt 0:00:12]} 48. Rb4 {[%emt 0:00:33]} 1-0

[Event "IV Torneo de Semana Santa"]
[Site "Los Llanos de Aridane"]
[Date "2019.04.16"]
[Round "5.4"]
[White "Hidalgo Santana, Fernando"]
[Black "Andres Gonzalez, Ivan"]
[Result "1/2-1/2"]
[WhiteElo "2116"]
[BlackElo "2323"]
[Annotator "TA"]
[PlyCount "66"]
[EventDate "2019.04.13"]
[EventType "swiss"]
[EventCountry "ESP"]
[SourceTitle "playchess.com"]
[Source "ChessBase"]
[SourceQuality "1"]

{[%evp 15,66,-4,0,0,0,0,0,0,0,0,-7,-15,0,-8,7,0,23,-4,0,0,51,0,0,0,7,0,4,-20,0,-81,-18,-95,-12,-11,0,0,8,25,27,9,51,2,21,16,103,95,123,-48,0,0,26,-228,12]} 1. e4 c5 2. c3 Nf6 3. e5 Nd5 4. d4 cxd4 5. Qxd4 e6 6. Nf3 Nc6 7. Qe4 f5 8. Qe2 b6 9. g3 {B22: Sicilian: 2 c3} Qc7 10. Bg2 Ncb4 {[%cal Bc6b4,Bb4a6,Ba6c5][%mdl 32] And now ...Ba6 would win.} 11. Qd1 {The position is equal.} Ba6 $1 {White must now prevent ...Nd3+.} 12. Bf1 $1 ({But not} 12. cxb4 Nxb4 13. Nc3 Nd3+ 14. Kd2 Rc8 $17) 12... Bxf1 13. Kxf1 {[#]} Rc8 $146 ({Predecessor:} 13... Nc6 14. Qe2 Bc5 15. Kg2 O-O 16. Re1 Qb7 17. Nbd2 {0-1 (40) Gasimov,P (2497)-Pantsulaia,L (2615) Nakhchivan 2015}) 14. Kg2 Na6 15. Re1 Nc5 16. Nd4 Qb7 $36 {[%mdl 2048] ( -> ...Nf4+). Black is pushing.} 17. Kg1 Qa6 (17... b5 $11) 18. a4 ({White should play} 18. Nxf5 $14 Nd3 19. Qe2) 18... Qd3 19. Nd2 Be7 20. N2f3 O-O 21. Qe2 f4 22. c4 {[#]} (22. Qxd3 $1 $11 Nxd3 23. Rd1) 22... Nb4 ({Black should try} 22... fxg3 $1 $17 23. hxg3 (23. cxd5 gxf2+ 24. Qxf2 Nb3 $17) 23... Nb4) 23. Bd2 {[#]} (23. Bxf4 $11 {remains equal.} Qxe2 24. Rxe2) 23... Qxe2 (23... fxg3 $1 $17 24. hxg3 (24. Bxb4 gxf2+ 25. Qxf2 Qxc4 $17) 24... Nc2 25. Nxc2 Qxc2) 24. Rxe2 $11 Ncd3 25. b3 g5 26. Bxb4 Nxb4 27. g4 Na6 28. Rd2 Bb4 29. Rdd1 h6 (29... Nc5 $1 $11) 30. Nb5 $16 Nc5 31. Nfd4 $2 (31. Nxa7 $16 Rcd8 32. Nb5) 31... a6 32. Nd6 Rc7 33. Nc2 $2 {[%mdl 8192]} (33. Nf3 $11 {and White stays safe.}) 33... a5 $2 {Accuracy: White = 43%, Black = 20%.} ({Better is} 33... Bc3 $19 34. Ra3 Bb2) 1/2-1/2